[Event "San Francisco TNM Summer op"]
[Site "San Francisco"]
[Date "2012.07.03"]
[Round "7"]
[White "Bayaraa, Chinguun"]
[Black "Baker, Morgan"]
[Result "0-1"]
[WhiteElo "1270"]
[BlackElo "1354"]
[PlyCount "88"]
[EventDate "2012.05.22"]
[EventType "swiss"]
[EventRounds "8"]
[EventCountry "USA"]
[SourceTitle "EXT 2014"]
[Source "ChessBase"]
[SourceDate "2013.11.20"]
[SourceVersion "1"]
[SourceVersionDate "2013.11.20"]
[SourceQuality "1"]

1. d4 d5 2. c4 Nf6 3. Nc3 Bf5 4. Bf4 e6 5. e3 Nc6 6. Nf3 Bd6 7. Bg3 Bg6 8. Be2 Qe7 9. c5 Bxg3 10. hxg3 0-0-0 11. Bd3 Bh5 12. Be2 a6 13. Qd2 Rhe8 14. 0-0-0 Nb4 15. a3 Ne4 16. Nxe4 dxe4 17. axb4 exf3 18. gxf3 Bg6 19. Bd3 f5 20. Rhe1 e5 21. Bc2 e4 22. f4 Bf7 23. b3 Qd7 24. Kb2 Kb8 25. Ra1 Qc6 26. Qe2 h5 27. Qd2 Rh8 28. Rh1 Bd5 29. Rh2 Rh7 30. Rd1 g6 31. Re1 Qb5 32. Ra1 b6 33. cxb6 cxb6 34. Rc1 Kb7 35. Rhh1 Rc7 36. Bb1 Rdc8 37. Rxc7+ Rxc7 38. Rc1 Rxc1 39. Qxc1 Qxb4 40. Bc2 a5 41. Bd1 a4 42. Qc2 Bxb3 43. Qc1 Bxd1+ 44. Ka1 Qb3 0-1

[Event "San Francisco TNM Summer op"]
[Site "San Francisco"]
[Date "2012.06.26"]
[Round "6"]
[White "Poling, Scott"]
[Black "Baker, Morgan"]
[Result "1-0"]
[WhiteElo "1780"]
[BlackElo "1354"]
[PlyCount "55"]
[EventDate "2012.05.22"]
[EventType "swiss"]
[EventRounds "8"]
[EventCountry "USA"]
[SourceTitle "EXT 2014"]
[Source "ChessBase"]
[SourceDate "2013.11.20"]
[SourceVersion "1"]
[SourceVersionDate "2013.11.20"]
[SourceQuality "1"]

1. e4 e5 2. Nf3 Nc6 3. d4 exd4 4. Bc4 d6 5. 0-0 Bg4 6. Qd3 Bxf3 7. Qxf3 Ne5 8. Qb3 Nf6 9. Bg5 Be7 10. Nd2 0-0 11. Rae1 Rb8 12. Be2 Qd7 13. h3 a6 14. f4 Nc6 15. e5 dxe5 16. fxe5 Nxe5 17. Qg3 Qe6 18. Bc4 Qb6 19. Qxe5 Bd6 20. Qf5 d3+ 21. Kh1 Nh5 22. Bh4 g6 23. Qxd3 Nf4 24. Qb3 Qc6 25. Qf3 Qd7 26. Ne4 Nh5 27. Nf6+ Nxf6 28. Bxf6 1-0

[Event "San Francisco TNM Summer op"]
[Site "San Francisco"]
[Date "2012.05.29"]
[Round "2"]
[White "Shnaiderman, Lazar"]
[Black "Baker, Morgan"]
[Result "1-0"]
[WhiteElo "1889"]
[BlackElo "1354"]
[PlyCount "93"]
[EventDate "2012.05.22"]
[EventType "swiss"]
[EventRounds "8"]
[EventCountry "USA"]
[SourceTitle "EXT 2014"]
[Source "ChessBase"]
[SourceDate "2013.11.20"]
[SourceVersion "1"]
[SourceVersionDate "2013.11.20"]
[SourceQuality "1"]

1. d4 d5 2. c4 dxc4 3. Nf3 Nf6 4. e3 Bf5 5. Bxc4 Nc6 6. 0-0 e6 7. Nc3 Bd6 8. Re1 Bg4 9. Be2 a6 10. e4 Bb4 11. e5 Ne4 12. Nxe4 Bxe1 13. Qxe1 Bxf3 14. Bxf3 Qxd4 15. Nc3 0-0 16. Bxc6 bxc6 17. Qe4 Rfd8 18. Be3 Qxe4 19. Nxe4 Rab8 20. b3 Rd5 21. f4 Rbd8 22. Kf2 h6 23. Rc1 Ra5 24. Rc2 Kh7 25. Kf3 Kg6 26. g4 f5 27. gxf5+ exf5 28. Rxc6+ Kh7 29. Ng3 Rxa2 30. Nxf5 Rxh2 31. Rxc7 Rh3+ 32. Kg4 Rxe3 33. Nxe3 Rd3 34. Nf5 Rxb3 35. Rxg7+ Kh8 36. Ra7 Rb6 37. Kh5 Rb4 38. Kg6 Rb8 39. Rh7+ Kg8 40. Nxh6+ Kf8 41. Rh8+ Ke7 42. Rxb8 a5 43. f5 a4 44. Rb7+ Kd8 45. f6 Kc8 46. Rh7 a3 47. f7 1-0